Statistics for Appalachian State Basketball: Top 10 All-Time Leaders

Click here to take the quiz!

General Stats

  • This quiz has been taken 2 times
    (0 since last reset)
  • The average score is 0 of 91

Answer Stats

Category#PlayerAmount% Correct
Games5Adrian Delph127
0%
Three Pointers Made5Adrian Delph252
0%
Points9Adrian Delph1,487
0%
Blocks5Andre Williamson160
0%
GamesT6Andre Williamson126
0%
Rebounds7Andre Williamson723
0%
Points Per Game10Billy Ross14.2
0%
Points4Billy Ross1,656
0%
Three Pointers Made8Billy Ross211
0%
Field Goal Percent4Chad McClendon54.1%
0%
Rebounds4Chad McClendon840
0%
Points10Chad McClendon1,468
0%
Rebounds2Charles Payton974
0%
Points8Charles Payton1,494
0%
Field Goal Percent2Charles Payton58.5%
0%
Blocks10Chris McFarland95
0%
Points Per Game7Darryl Robinson14.7
0%
Field Goal Percent8Darryl Robinson49.8%
0%
Points5Darryl Robinson1,631
0%
Points Per Game4David Lawrence14.9
0%
Steals1D.J. Thompson293
0%
Points6D.J. Thompson1,599
0%
Assists2D.J. Thompson508
0%
Three Pointers Made3D.J. Thompson270
0%
Games4Donald Sims130
0%
Points Per Game1Donald Sims16.8
0%
Three Pointers Made1Donald Sims358
0%
Points1Donald Sims2,185
0%
Assists8Donald Sims346
0%
Rebounds8Donovan Gregory684
0%
Points7Donovan Gregory1,531
0%
AssistsT4Donovan Gregory410
0%
Steals4Donovan Gregory194
0%
Games2Donovan Gregory150
0%
Points Per Game9Glenn Clyburn14.4
0%
Blocks9Isaac Butts96
0%
Rebounds5Isaac Butts805
0%
Steals10Isaac Johnson135
0%
Rebounds1Isaac Johnson977
0%
GamesT9Isaac Johnson124
0%
Rebounds6Jeremy Clayton774
0%
Blocks1Jeremy Clayton220
0%
Field Goal Percent7John Fitch50.0%
0%
AssistsT4Junior Braswell410
0%
Steals9Junior Braswell137
0%
Blocks3Justin Abson166
0%
Steals5Justin Forrest191
0%
Points2Justin Forrest2,120
0%
Games1Justin Forrest153
0%
Three Pointers Made2Justin Forrest287
0%
Assists7Justin Forrest372
0%
Blocks4Kareem Livingston165
0%
Field Goal Percent1Kareem Livingston59.8%
0%
Games3Kellen Brand131
0%
Three Pointers Made10Kemp Phillips189
0%
Assists3Kemp Phillips442
0%
Steals7Kemp Phillips155
0%
Steals6Matt Jones167
0%
Rebounds3Mel Hubbard926
0%
Field Goal Percent5Mel Hubbard51.5%
0%
Three Pointers Made9Nathan Cranford209
0%
GamesT6Nathan Healy126
0%
Three Pointers Made7Noah Brown214
0%
Points Per Game3Renaldo Lawrence15.5
0%
Assists9Ricky Nedd311
0%
ReboundsT10Ricky Nedd630
0%
Steals8Ricky Nedd152
0%
Blocks2Ricky Nedd193
0%
Assists6Rodney Peel373
0%
Steals3Rodney Peel237
0%
Three Pointers Made6Rodney Peel229
0%
GamesT6Ronshad Shabazz126
0%
Points3Ronshad Shabazz2,067
0%
Points Per Game2Ronshad Shabazz16.4
0%
Three Pointers Made4Ronshad Shabazz269
0%
Blocks8Sam Gibson105
0%
Points Per Game6Sam Gibson14.7
0%
Field Goal Percent3Sam Gibson57.7%
0%
Points Per Game8Shawn Hill14.7
0%
Field Goal Percent10Stan Davis45.2%
0%
ReboundsT10Steve Spurlock630
0%
Points Per Game5Steve Spurlock14.9
0%
Blocks7Steve Spurlock118
0%
Field Goal Percent6Steve Spurlock50.3%
0%
Rebounds9Tim Powers637
0%
Blocks6Tyrell Johnson120
0%
GamesT9Tyrell Johnson124
0%
Steals2Tyson Patterson247
0%
Assists1Tyson Patterson638
0%
Field Goal Percent9Walter Anderson45.5%
0%
Assists10Walter Anderson307
0%

Score Distribution

Percentile by Number Answered

Percent of People with Each Score

Your Score History

You have not taken this quiz since the last reset